000 00454nam a2200181Ia 4500
001 10735
005 20260306161854.0
008 260306t1997||||xx |||||||||||||| ||spa||
041 _aESP
082 _a946.5
_bV63
100 _aVidal, César
_eAUT
245 0 _aLa destrucción de Guernica:
_bUn balance sesenta años después
260 _c1997
300 _a182 páginas :
_c22 cm.
650 _aGEN
654 _aCHU
942 _cLIB
_dJUS
_fJUS
_2ddc
_n
999 _c10735
_d10735